<?xml version="1.0" encoding="UTF-8"?>
<collection xmlns="http://www.loc.gov/MARC21/slim">
 <record>
  <leader>00416cam a2200145 7i4500</leader>
  <controlfield tag="001">0000015744</controlfield>
  <controlfield tag="005">20151022090000.0</controlfield>
  <datafield tag="090" ind1="0" ind2="0">
   <subfield code="a">621.32 </subfield>
   <subfield code="b">HAM</subfield>
  </datafield>
  <datafield tag="100" ind1="1" ind2=" ">
   <subfield code="a">Hambley, Allan R. </subfield>
  </datafield>
  <datafield tag="245" ind1="0" ind2="0">
   <subfield code="a">Electrical engineering : </subfield>
   <subfield code="b">principles and applications  </subfield>
   <subfield code="c">by Allan R. Hambley..</subfield>
  </datafield>
  <datafield tag="250" ind1=" " ind2=" ">
   <subfield code="a">3rd ed..</subfield>
  </datafield>
  <datafield tag="260" ind1=" " ind2=" ">
   <subfield code="a">Upper Saddle River, N.J.: </subfield>
   <subfield code="b">Pearson/Prentice Hall, </subfield>
   <subfield code="c">2005..</subfield>
  </datafield>
  <datafield tag="999" ind1=" " ind2=" ">
   <subfield code="a">5000000599</subfield>
   <subfield code="b">CD-ROM</subfield>
   <subfield code="c">Green Spot</subfield>
  </datafield>
 </record>
</collection>
